000 00942nam a22002297a 4500
005 20250613111216.0
008 250613b |||||||| |||| 00| 0 eng d
020 _a81-7770-140-1 (hbk)
037 _cTB
040 _aCRL
_cCRL
041 _2pun
_apun
084 _aQ8441 153P7
_qTB
100 _aਸ਼ਹਰਯਾਰ, ਸੰਤੋਖ ਸਿੰਘ
_9812778
245 _aਸਿੱਖ ਮਾਨਸਿਕਤਾ ਅਤੇ ਬਾਬਾ ਅਟੱਲ ਦੇ ਕੰਧ-ਚਿੱਤਰ
_b; by ਸੰਤੋਖ ਸਿੰਘ ਸ਼ਹਰਯਾਰ,
260 _aਅੰਮ੍ਰਿਤਸਰ, ਭਾਰਤ:
_bਗੁਰੂ ਨਾਨਕ ਦੇਵ ਯੂਨੀਵਰਸਿਟੀ,
_c2007.
300 _a86 ਪ.
365 _b300.00
_cINR
650 _aਧਰਮ
650 _aਸਿੱਖ ਧਰਮ
942 _2CC
_cTB
_hQ8441 153P7
_n0
999 _c1431684
_d1431684